00865 2200289 4500001002100000005001700021008004100038035002400079082001300103090002000116100001700136245014100153260002900294300002100323500002600344500002700370650002400397700003300421700001500454700003000469850001600499980001300515985000600528986001100534999001500545999001500560YOGYA-0209000006370820090227040220.0 ind  0010-020900000063708 a959.8531 a959.8531bSri P aSRI MINTOSIH aPengkajian nilai babad naskah babad LombokcSri Mintosih, Amurwani Dwi Lestariningsih, Herliswani ; penyunting, Kencana Sembiring Pelawi aJAkartabDepdikbudc1999 a... jilidc21 cm aYAng diterima : Jl. 1 aBibliografi : hlm. 165 aKebudayaan - Lombok aDwi Lestariningsih, Amurwani aHerliswani aPelawi, Kencana Sembiring aYOPDYOG (B) a12-09-06 a2 afwhref a00A0001841 a00A0001843